banner-ar

وصف مصر : الموسيقى والغناء عند قدماء المصريين (7) (هدية من الاديب عبدالفتاح الجمل) / (Record no. 39244)

MARC details
000 -الفاتح
حقل البيانات ثابتة الطول 00824nam a2200229Ia 4500
008 - عناصر البيانات ثابتة الطول - معلومات عامة
حقل البيانات ثابتة الطول 140319s9999 xx 000 0 ara d
040 ## - مصدر الفهرسة
وكالة الفهرسة الأصلية GCL /
وكالة النسخ GCL
082 04 - رقم تصنيف ديوى العشرى
رقم التصنيف ق
رقم المادة 932
-- ع و
100 1# - المدخل الرئيسى - إسم شخصى
الإسم الشخصى زهير الشايب (مترجم)
245 10 - بيان العنوان
العنوان وصف مصر : الموسيقى والغناء عند قدماء المصريين (7) (هدية من الاديب عبدالفتاح الجمل) /
بيان المسئوليه,etc زهير الشايب (مترجم)
700 1# - المدخل الاضافى - اسم شخصى
الإسم الشخصى علماء الحملة الفرنسية
700 1# - المدخل الاضافى - اسم شخصى
الإسم الشخصى علماء الجمعية الشرعية
300 ## - الوصف المادى
التعداد 188 ص
490 ## - بيان السلسلة
عنوان السلسلة
650 04 - المدخل الاضافى بالموضوع-مصطلح موضوعى
مصطلح موضوعي مصر القديمة
650 04 - المدخل الاضافى بالموضوع-مصطلح موضوعى
مصطلح موضوعي الغناء
650 04 - المدخل الاضافى بالموضوع-مصطلح موضوعى
مصطلح موضوعي الالات الموسيقية
650 04 - المدخل الاضافى بالموضوع-مصطلح موضوعى
مصطلح موضوعي الموسيقى القديمة
650 04 - المدخل الاضافى بالموضوع-مصطلح موضوعى
مصطلح موضوعي الموسيقى المصرية
942 ## - عناصر المدخل الإضافي( كوها)
مصدر التصنيف او مخطط الترفيف Dewey Decimal Classification
Koha [default] item type كتاب
Holdings
حالة التراجع حالة الفقد حالة تلف ليس للاعارة المكان المؤقت الموقع الحالى تاريخ الاكتساب اجمالي اﻻعارات رقم الطلب الباركود تاريخ اخر مشاهدة تاريخ تفعيل السعر نوع وعاء كوها
        مكتبة القاهرة الكبرى مكتبة القاهرة الكبرى 03/26/2014   ق\932\ع و 96059 03/26/2014 03/26/2014 كتاب

Powered By

EGPV